000 00595cam a2200169 i 4500
005 20251109112739.0
008 250721s2018 jo gr 000 0 ara d
082 1 4 _a155.4
_bع ي س
100 1 _aعيسى، سناء محمد علي
_eمؤلف.
245 1 0 _aعند التقاء روحينا /
_cالاستاذة سناء محمد علي عيسى.
250 _aالطبعة الأولى.
264 3 1 _aعمان :
_bسناء محمد علي عيسى،
_c2018.
300 _a242 صفحة.
650 1 7 _aسيكولوجيا الطفولة.
942 _2ddc
_cBK
999 _c137076
_d137076